| 000 | 00725nam a22002177i 4500 | ||
|---|---|---|---|
| 999 |
_c23309 _d23309 |
||
| 003 | AR-CdUCM | ||
| 008 | 250711b19661966 ag||||| |||| 00| 0 spa d | ||
| 040 |
_aMUNICIPALIDAD PROVINCIAL DEL CUSCO _cBIBLIOTECA MUNICIPAL DEL CUSCO |
||
| 041 | _hspa | ||
| 082 |
_a747 / C 74 / vol. II _bC 74 / vol. II |
||
| 110 |
_aEditorial Codex S. A. _951191 |
||
| 245 | _aDecoralia / | ||
| 260 |
_aBuenos Aires : _bEditorial Codex S. A. _c1965 |
||
| 300 |
_a354 pƔginas. : _bIlustraciones _c30x25 cm. |
||
| 505 | _aDecoraciones -- Un techo en el campo -- Caldera -- Chimenea | ||
| 650 |
_aDecoración _915648 |
||
| 650 |
_aTrabajos en madera -- _913190 |
||
| 650 |
_aParedes _951197 |
||
| 942 |
_2ddc _cLIBROS |
||
| 945 |
_apbjr _d11-07-2025 |
||